| 000 | 00581nam a2200181 a 4500 | ||
|---|---|---|---|
| 001 | 000026218 | ||
| 005 | 20200930024413.0 | ||
| 008 | 110304s1952 xxu r 000 0 spa d | ||
| 040 |
_aDO-SdBNP _bspa _cBNPHU |
||
| 082 |
_ann* _bnn* |
||
| 100 | 1 |
_aHall Glover, Robert. _953241 |
|
| 245 | 1 | 3 |
_aEl progreso de las misiones cristianas / _cRobert Hall Glover ; traducción de Hiram Duffer. |
| 260 |
_aEstados Unidos de América : _bCasa Bautista de Publicaciones, _c[1952]. |
||
| 300 |
_a556 p. ; _c20 cm. |
||
| 500 | _aIncluye | ||
| 700 | 1 |
_aDuffer, Hiram, _etr. _944282 |
|
| 049 | _aBNGR | ||
| 999 |
_c25710 _d25710 |
||